Mahākavi Lakshmī Prasāda Devakoṭā. (Record no. 78780)

MARC details
000 -LEADER
fixed length control field 00537cam a22002171 4500
001 - CONTROL NUMBER
control field sa 68002510
003 - CONTROL NUMBER IDENTIFIER
control field DLC
005 - DATE AND TIME OF LATEST TRANSACTION
control field 20260227112444.0
008 - FIXED-LENGTH DATA ELEMENTS--GENERAL INFORMATION
fixed length control field 890912s1965 np 000 0 nepo
010 ## - LIBRARY OF CONGRESS CONTROL NUMBER
LC control number sa 68002510
035 ## - SYSTEM CONTROL NUMBER
System control number (OCoLC)20330342
040 ## - CATALOGING SOURCE
Original cataloging agency DLC
Transcribing agency WaU
Modifying agency DLC
042 ## - AUTHENTICATION CODE
Authentication code premarc
050 00 - LIBRARY OF CONGRESS CALL NUMBER
Classification number PK2598.D37
Item number Z59
100 0# - MAIN ENTRY--PERSONAL NAME
Personal name Bandhu.
245 10 - TITLE STATEMENT
Title Mahākavi Lakshmī Prasāda Devakoṭā.
260 ## - PUBLICATION, DISTRIBUTION, ETC.
Date of publication, distribution, etc. [1965]
300 ## - PHYSICAL DESCRIPTION
Extent 60 p.
Dimensions 18 cm.
500 ## - GENERAL NOTE
General note In Nepali.
600 10 - SUBJECT ADDED ENTRY--PERSONAL NAME
Personal name Devkota, Laxmi Prasad,
Dates associated with a name 1908-1959.

No items available.

Powered by Koha